Les Titres de Jacques Brel avec les initiales - Statistiques

Statistiques générales
  • Ce quiz a été pris 70 fois
  • Le résultat moyen est 7 sur 12
Statistiques - réponses
Initiales Titres % Correct
N_ M_ Q___ P_ Ne me quitte pas
97%
L_ V__ A M__ T__ La Valse à mille temps
82%
A_____ Amsterdam
80%
Q__ O_ A Q_ L'__ Quand on a que l'amour
80%
V___ Vesoul
80%
C_ G__ - L_ Ces gens-là
74%
L_ B_____ Les Bourgeois
55%
L_ C___ D_ V__ A___ La Chanson des vieux amants
45%
L_ P__ P__ Le Plat pays
35%
V__ U_ A_ P____ Voir un ami pleurer
30%
L_ C____ D_ J___ La Chanson de Jacky
26%
L_ R____ D_ V____ Les Remparts de Varsovie
23%
Aucun quiz correspondant
Distribution des résultats
% des personnes avec chaque résultat
Percentile par nombre de réponses
Votre historique - résultats
Vous n’avez pas pris ce quiz